Statystyki dla 500 najdrozszych pilkarzy na swiecie

Kliknij tutaj aby rozwiązać quiz!

Ogólne statystyki

  • Ten quiz został rozwiązany 35 razy
  • Średni wynik to 115 z 500

Statystyki odpowiedzi

HintOdpowiedź% Poprawnych
35mlnMessi
96%
30mlnLewandowski
93%
180mlnMbappe
85%
180mlnHaaland
81%
110mlnKane
81%
50mlnNeymar
81%
150mlnVini
78%
150mlnBellingham
74%
35mlnZielinski
74%
65mlnSalah
70%
90mlnGavi
67%
25mlnMane
67%
35mlnVan dijk
67%
35mlnAlisson
63%
70mlnDe Bruyne
63%
90mlnLeao
63%
100mlnPedri
63%
100mlnRodrygo
63%
120mlnSaka
63%
75mlnSane
63%
45mln | 80mlnSilva
63%
90mlnDe Jong
59%
20mln | 40mlnEderson
59%
110mlnFoden
59%
55mlnGnabry
59%
40mlnLukaku
59%
100mlnRodri
59%
90mlnCamavinga
56%
45mlnChiesa
56%
22mlnDia
56%
75mlnFernandes
56%
75mlnKimmich
56%
100mln | 28mln | 50mlnMartinez
56%
45mlnMudryk
56%
110mlnMusiala
56%
65mlnNunez
56%
90mlnOdegaard
56%
35mlnTer Stegen
56%
70mlnVlahovic
56%
42mlnAke
52%
35mln | 80mlnAlvarez
52%
75mlnBarella
52%
50mlnCancelo
52%
65mlnComan
52%
60mlnDembele
52%
45mlnDonnarumma
52%
45mlnGoretzka
52%
65mlnMac Allister
52%
80mlnMartinelli
52%
50mlnSon
52%
90mlnTchouameni
52%
35mln | 45mlnTorres
52%
50mlnYamal
52%
40mlnAlaba
48%
70mlnAraujo
48%
45mlnCourtois
48%
80mlnDias
48%
20mln | 75mlnDiaz
48%
50mlnFelix
48%
75mlnGrealish
48%
25mlnGriezmann
48%
75mlnJesus
48%
80mlnKolo Muani
48%
60mlnKounde
48%
40mln | 50mlnOnana
48%
50mlnRamos
48%
75mlnRashford
48%
28mlnSanchez
48%
32mlnSancho
48%
100mlnValverde
48%
42mlnZinchenko
48%
38mlnAkanji
44%
50mlnAntony
44%
40mlnCasemiro
44%
25mlnCash
44%
70mlnDavies
44%
30mlnDybala
44%
55mlnGabriel
44%
65mlnHakimi
44%
45mln | 60mlnHernandez
44%
70mlnMilitao
44%
35mlnOblak
44%
120mlnOsimhen
44%
50mlnBalde
41%
70mlnDe ligt
41%
60mlnDoku
41%
70mlnIsak
41%
50mlnJota
41%
25mlnKiwior
41%
38mlnKonate
41%
60mlnRaphinha
41%
40mlnRicharlison
41%
70mlnSaliba
41%
50mlnSterling
41%
40mlnStones
41%
70mlnSzoboszlai
41%
60mlnUpamecano
41%
35mlnVarane
41%
85mlnWirtz
41%
20mlnZalewski
41%
90mlnCaicedo
37%
80mlnFernandez
37%
22mlnGomez
37%
25mlnHall
37%
60mlnHavertz
37%
65mlnHojlund
37%
50mlnKulusevski
37%
85mlnKvara
37%
35mlnMalen
37%
25mlnMctominay
37%
20mlnMendy
37%
40mlnOyarzabal
37%
32mlnPalmer
37%
35mlnPartey
37%
100mlnRice
37%
40mlnRobertson
37%
60mlnRomero
37%
32mlnRudiger
37%
40mlnSavic
37%
40mlnThuram
37%
55mlnWatkins
37%
55mlnDiaby
33%
48mlnEze
33%
35mlnFati
33%
55mlnGakpo
33%
25mlnGarnacho
33%
85mlnGuimaraes
33%
80mlnGvardiol
33%
70mlnMaddison
33%
45mlnMaignan
33%
65mlnMarquinhos
33%
55mlnNunes
33%
40mlnRabiot
33%
25mlnSimon
33%
50mlnSkriniar
33%
60mlnTonali
33%
25mlnWan Bissaka
33%
20mln | 25mln | 40mlnWilliams
33%
35mlnAdeyemi
30%
65mlnArnold
30%
60mlnBastoni
30%
45mlnBotman
30%
40mlnCalhanoglu
30%
40mlnDalot
30%
40mlnDe Paul
30%
25mlnDi Lorenzo
30%
45mlnDimarco
30%
24mln | 25mln | 40mlnFofana
30%
35mlnGravenberch
30%
55mlnJames
30%
22mlnKimpembe
30%
50mlnKubo
30%
25mlnLaporte
30%
40mlnLobotka
30%
30mlnLocatelli
30%
50mlnMitoma
30%
20mln | 40mlnNeves
30%
30mlnNketiah
30%
65mlnPaqueta
30%
40mlnPavard
30%
22mln | 32mlnPedro
30%
32mlnRamsdale
30%
32mlnRaya
30%
42mlnShaw
30%
25mlnTomiyasu
30%
40mlnTomori
30%
45mlnVitinha
30%
55mlnWhite
30%
35mlnAbraham
26%
48mlnBowen
26%
35mlnChilwell
26%
45mlnCosta
26%
65mlnFerguson
26%
35mln | 40mlnGimenez
26%
35mlnGonzalez
26%
32mlnHojbjerg
26%
38mlnJackson
26%
42mlnJoelinton
26%
30mlnJones
26%
38mlnKovacic
26%
55mlnLuiz
26%
65mlnMendes
26%
80mlnNkunku
26%
45mlnOpenda
26%
25mlnPulisic
26%
25mlnSchick
26%
30mlnSule
26%
50mlnTel
26%
42mlnTimber
26%
35mlnTrossard
26%
38mlnWard Prowse
26%
27mlnZaniolo
26%
40mlnBoniface
22%
40mlnBrandt
22%
40mlnBremer
22%
40mlnChristensen
22%
35mlnElliott
22%
35mlnEstupinan
22%
38mlnFabinho
22%
45mlnFrimpong
22%
40mlnGallagher
22%
45mlnGordon
22%
35mlnGuehi
22%
40mlnKudus
22%
20mlnMckennie
22%
50mlnMerino
22%
28mlnMitrovic
22%
60mlnMount
22%
32mlnNeto
22%
50mlnOlmo
22%
55mlnPalhinha
22%
30mlnPellegrini
22%
22mlnPickford
22%
30mlnRuiz
22%
20mln | 35mlnSarr
22%
20mlnSoler
22%
35mlnSoucek
22%
40mlnTapsoba
22%
20mlnVicario
22%
25mlnAsensio
19%
40mlnBadiashile
19%
35mlnBarnes
19%
38mlnBennacer
19%
20mlnBergwijn
19%
28mlnDanilo
19%
60mlnDavid
19%
28mlnDumfries
19%
30mlnEdwards
19%
25mlnHaller
19%
20mlnHermoso
19%
60mlnJae
19%
35mlnKobel
19%
20mlnLewis
19%
35mlnLlorente
19%
25mlnLongstaff
19%
30mlnLookman
19%
35mlnMbeumo
19%
50mlnMolina
19%
35mlnOtavio
19%
25mlnPepe
19%
35mlnPino
19%
40mlnPorro
19%
32mlnRoque
19%
70mlnSimons
19%
30mlnThiaw
19%
40mlnVan de Ven
19%
40mlnVeratti
19%
50mlnZaire Emery
19%
30mlnAmrabat
15%
28mlnBailey
15%
30mlnBissouma
15%
25mlnCalvert Lewin
15%
25mlnChukwueze
15%
42mlnColwill
15%
28mlnCucurella
15%
40mlnDisasi
15%
30mlnGolovin
15%
32mlnGoncalves
15%
25mlnGrimaldo
15%
28mlnIbanez
15%
30mlnInacio
15%
48mlnJohnson
15%
25mlnKalulu
15%
20mlnKessie
15%
25mlnKonsa
15%
22mlnLozano
15%
30mlnMadueke
15%
30mlnMendez
15%
30mlnMoukoko
15%
25mlnNeres
15%
50mlnOlise
15%
28mlnPhilips
15%
20mlnReyna
15%
28mlnRodriguez
15%
24mlnSaint Maximin
15%
25mlnScamacca
15%
25mlnVieira
15%
38mlnWillock
15%
32mlnAlmiron
11%
25mlnBakayoko
11%
30mlnBalogun
11%
20mlnBamba
11%
35mlnBarcola
11%
28mlnBroja
11%
28mlnBuendia
11%
20mlnCalabria
11%
30mlnCherki
11%
30mlnCorrea
11%
28mlnCunha
11%
20mlnDanjuma
11%
20mlnEmerson
11%
30mlnFrattesi
11%
30mlnGaya
11%
22mlnGomes
11%
20mlnGuendouzi
11%
40mlnGuirassy
11%
22mlnHarrison
11%
35mlnHincapie
11%
27mlnKamada
11%
30mlnKamara
11%
35mlnKokcu
11%
28mlnLaimer
11%
50mlnLavia
11%
22mlnLee
11%
22mlnMalacia
11%
30mlnMalcom
11%
22mlnMarch
11%
28mlnMazraoui
11%
27mlnMcginn
11%
22mlnMings
11%
25mlnNdidi
11%
25mlnNmecha
11%
42mlnRamsey
11%
30mlnSancet
11%
40mlnScalvini
11%
30mlnSmith rowe
11%
20mlnSolanke
11%
20mlnTielemans
11%
25mlnTierney
11%
38mlnUdogie
11%
55mlnUgarte
11%
20mlnZakaria
11%
22mlnZouma
11%
20mlnAdams
7%
27mlnAlmada
7%
30mlnAndersen
7%
30mlnAwoniyi
7%
20mlnBensebaini
7%
20mlnBilling
7%
25mlnDe Ketelaere
7%
22mlnDiop
7%
35mlnDoucoure
7%
26mlnElmas
7%
25mlnEndrick
7%
22mlnEvanilson
7%
35mlnFagioli
7%
25mlnFoyth
7%
40mlnGibbs White
7%
35mlnGouiri
7%
20mlnGuerra
7%
30mlnHancko
7%
20mlnHenrichs
7%
40mlnKone
7%
35mlnKoopmeiners
7%
20mlnLino
7%
20mlnLodi
7%
25mlnLoftus Cheek
7%
22mlnMedina
7%
28mlnNdicka
7%
20mlnOkafor
7%
20mlnOrban
7%
22mlnRafa
7%
25mlnRemiro
7%
20mlnSavio
7%
22mlnTraore
7%
22mlnTsygankov
7%
30mlnVeiga
7%
40mlnWahi
7%
40mlnZambo Anguissa
7%
25mlnAdli
4%
35mlnAguerd
4%
20mlnAlmeida
4%
20mlnBaena
4%
20mlnBaleba
4%
20mlnBella Kotchap
4%
25mlnBeto
4%
30mlnCamara
4%
22mlnCasale
4%
22mlnDanso
4%
20mlnDodo
4%
20mlnEdouard
4%
22mlnEnciso
4%
20mlnEn Nesyri
4%
20mlnFaes
4%
22mlnFornals
4%
20mlnGaleno
4%
32mlnGyokeres
4%
20mlnHartman
4%
28mlnHenry
4%
24mlnHjulmand
4%
22mlnKalimuendo
4%
28mlnKossounou
4%
20mlnLang
4%
35mlnLe Normand
4%
28mlnLindstrom
4%
30mlnLivramento
4%
27mlnMajer
4%
20mlnMangala
4%
20mlnMcneil
4%
22mlnMitche
4%
25mlnMoffi
4%
20mlnMusah
4%
20mlnPavlidis
4%
25mlnRrahmani
4%
20mlnSamardzic
4%
35mlnSangare
4%
40mlnSchloterbeck
4%
35mlnSimakan
4%
20mlnSinisterra
4%
30mlnTerrier
4%
22mlnTheate
4%
20mlnToure
4%
20mlnUnder
4%
20mlnVeerman
4%
25mlnWalker Peters
4%
22mlnWind
4%
30mlnZaccagni
4%
20mlnAhmedhodzic
0%
25mlnAit Nouri
0%
20mlnAursnes
0%
20mlnBarbosa
0%
20mlnBarrios
0%
24mlnBaumgartner
0%
40mlnBenatncur
0%
25mlnBenrahma
0%
20mlnBerger
0%
22mlnBlas
0%
20mlnBuongiorno
0%
20mlnCabral
0%
22mlnCaqueret
0%
20mlnClaudinho
0%
22mlnCollins
0%
20mlnDedic
0%
20mlnDemiral
0%
25mlnDiomande
0%
20mlnFlorentino
0%
35mlnGeertruida
0%
23mlnGuedea
0%
25mlnGustek
0%
25mlnHarwood Bellis
0%
20mlnHenrique
0%
30mlnHickey
0%
20mlnHorta
0%
28mlnIwobi
0%
20mlnJanelt
0%
28mlnJensen
0%
20mlnJustin
0%
35mlnKliman
0%
20mlnLe Fee
0%
20mlnLerma
0%
20mlnLienhart
0%
35mlnLukeba
0%
20mlnMaatsen
0%
30mlnMamardashvili
0%
20mlnMatvienko
0%
20mlnMesiler
0%
20mlnMillot
0%
25mlnMykolenko
0%
21mlnNdombele
0%
20mlnNuamah
0%
20mlnNusa
0%
25mlnOuattara
0%
35mlnPalacios
0%
25mlnPavlovic
0%
35mlnRaspodori
0%
20mlnReijndes
0%
20mlnRenildo
0%
20mlnRicci
0%
20mlnRongier
0%
25mlnSchade
0%
28mlnSchlager
0%
25mlnSchuurs
0%
20mlnScott
0%
20mlnSeiwald
0%
22mlnSenesi
0%
30mlnSesko
0%
22mlnSow
0%
22mlnSulemana
0%
23mlnTella
0%
24mlnTete
0%
30mlnTodibo
0%
22mlnTrubin
0%
25mlnUgochukwu
0%
25mlnUnal
0%
20mlnVanderson
0%
25mlnVermeeren
0%
25mlnWebster
0%
24mlnWendel
0%
20mlnZabarnyi
0%
40mlnZubiemndi
0%

Rozkład punktacji

Percentyl według liczby udzielonych odpowiedzi

Procent ludzi z każdym wynikiem

Twoja historia wyników

Nie rozwiązałeś tego quizu